000 00432nam a2200145Ia 4500
003 OSt
005 20260128093449.0
008 211028s2017 xx 000 0 und d
040 _cAIMIT LIBRARY
041 _aeng
100 _aRisna, M V; D Souza, Rayan.
_g1516126
_97701
245 _aProject report on performance appriasal of midas ensambles in Bangalore city /
260 _aMangalore
_bRayan D Souza.
_c2017
942 _2ddc
_cPRO
999 _c219269
_d219269